(26) - 50 villes les plus peuplées de la Drôme (26) - Statistiques

Statistiques générales
  • Ce quiz a été pris 26 fois
  • Le résultat moyen est 19 sur 50
Statistiques - réponses
nombre d'habitant ville % Correct
40 595 Montélimar
100%
64 458 Valence
100%
9 921 Bourg-de-Péage
91%
19 992 Bourg-lès-Valence
91%
33 464 Romans-sur-Isère
91%
4 844 Die
78%
10 477 Portes-lès-Valence
70%
5 915 Tain-l'Hermitage
70%
8 658 Crest
65%
6 816 Nyons
65%
8 981 Saint-Paul-Trois-Châteaux
65%
9 329 Livron-sur-Drôme
61%
6 614 Loriol-sur-Drôme
61%
13 756 Pierrelatte
61%
3 289 Dieulefit
57%
4 027 Saint-Vallier
52%
2 917 Châteauneuf-du-Rhône
48%
4 281 Châteauneuf-sur-Isère
48%
6 176 Saint-Marcel-lès-Valence
48%
6 833 Chabeuil
43%
7 001 Saint-Rambert-d'Albon
43%
4 337 Beaumont-lès-Valence
35%
5 468 Étoile-sur-Rhône
35%
6 008 Donzère
30%
4 323 Montélier
30%
2 874 Saint-Jean-en-Royans
30%
2 960 Montmeyran
26%
4 193 Saint-Donat-sur-l'Herbasse
26%
2 729 Alixan
22%
1 980 Allan
22%
2 698 Allex
22%
6 523 Chatuzange-le-Goubet
22%
3 294 Malissard
22%
3 424 Mours-Saint-Eusèbe
22%
4 169 Anneyron
17%
2 733 Aouste-sur-Sye
17%
2 218 Buis-les-Baronnies
17%
2 428 Génissieux
17%
2 258 Malataverne
17%
2 613 Peyrins
17%
3 681 Pont-de-l'Isère
17%
1 942 Albon
13%
2 204 Grane
13%
2 592 Montboucher-sur-Jabron
13%
2 139 Saint-Uze
13%
3 569 La Roche-de-Glun
9%
2 077 Suze-la-Rousse
9%
2 816 Mercurol-Veaunes
4%
2 251 Saint-Sorlin-en-Valloire
0%
1 994 Tulette
0%
Aucun quiz correspondant
Distribution des résultats
% des personnes avec chaque résultat
Percentile par nombre de réponses
Votre historique - résultats
Vous n’avez pas pris ce quiz